Fiscalidad de la inversin̤ inmobiliaria en el impuesto sobre sociedades regm̕enes especiales /

Detalles Bibliográficos
Autor principal: Calvo Vřgez, Juan
Formato: Libro
Lenguaje:español
Publicado: Barcelona : J. M. Bosch, 2010
Colección:Coleccin̤ de fiscalidad
Materias:
Acceso en línea:Acceso restringido

MARC

LEADER 00000cam a2200000 a 4500
005 2011112306256.0
007 cr|||| ||||
008 100430s2010 spc 000 0 spa c
017 |a DL B. 15199-2010  |a DL B. 15306-2010  |b Biblioteca de Catalunya 
020 |a 9788476989029 
035 |a 6014 
040 |d vLex 
080 |a 336.226.13(460) 
090 |c 2784  |d 2784 
100 1 |a Calvo Vřgez, Juan  
245 1 0 |a Fiscalidad de la inversin̤ inmobiliaria en el impuesto sobre sociedades  |h [Recurso electrn̤ico] :  |b regm̕enes especiales /  |c Juan Calvo Vřgez 
256 |a Servicio en ln̕ea 
260 |a Barcelona :  |b J. M. Bosch,  |c 2010 
300 |a 1 recurso electrn̤ico 
490 1 |a Coleccin̤ de fiscalidad 
500 |a Reimpresiones: 2010 
504 |a Bibliografa̕ p. 263-267 
506 1 |a Contenido solo disponible en los productos indicados  |d vLex Global   |d vLex Global (Academic Edition, excluding Law Schools)   |d vLex Global (U.S. Academic Edition, Law Schools)   |d vLex Global (U.S. Academic Edition, excluding Law Schools)   |d vLex Global (Academic Edition, Law Schools)  
650 0 4 |a Impuestos sobre sociedades  |x Derecho y legislacin̤  |z Espaą 
740 0 |a vLex Libros (Servicio en ln̕ea) 
830 0 |a Coleccin̤ de fiscalidad 
856 4 0 |u http://vlex.com/source/fiscalidad-inversion-inmobiliaria-impuesto-sociedades-regimenes-especiales-6014  |z Acceso restringido 
942 |c BOOK